Le Catholicisme en France : Tome 1 : le XVIe siècle (notice n° 1925668)

détails MARC
000 -LEADER
fixed length control field 00581cam a2200133 4500500
005 - DATE AND TIME OF LATEST TRANSACTION
control field 20260329023231.0
041 ## - LANGUAGE CODE
Language code of text/sound track or separate title fre
042 ## - AUTHENTICATION CODE
Authentication code dc
100 10 - MAIN ENTRY--PERSONAL NAME
Personal name Châtellier, Louis
Relator term author
245 00 - TITLE STATEMENT
Title Le Catholicisme en France : Tome 1 : le XVIe siècle
260 ## - PUBLICATION, DISTRIBUTION, ETC.
Name of publisher, distributor, etc. Armand Colin,<br/>
Date of publication, distribution, etc. 2016.<br/>
520 ## - SUMMARY, ETC.
Summary, etc. Analyse d’une crise religieuse, dont l’étape la plus importante fut le concile de Trente (1545-1563), et qui sera à l’origine du catholicisme moderne.
856 41 - ELECTRONIC LOCATION AND ACCESS
Uniform Resource Identifier <a href="https://shs.cairn.info/le-catholicisme-en-france--9782718136783?lang=fr&redirect-ssocas=7080">https://shs.cairn.info/le-catholicisme-en-france--9782718136783?lang=fr&redirect-ssocas=7080</a>

Pas d'exemplaire disponible.

PLUDOC

PLUDOC est la plateforme unique et centralisée de gestion des bibliothèques physiques et numériques de Guinée administré par le CEDUST. Elle est la plus grande base de données de ressources documentaires pour les Étudiants, Enseignants chercheurs et Chercheurs de Guinée.

Adresse

627 919 101/664 919 101

25 boulevard du commerce
Kaloum, Conakry, Guinée

Réseaux sociaux

Powered by Netsen Group @ 2025